<?xml version="1.0" encoding="UTF-8"?>
<record
    xmlns:xsi="http://www.w3.org/2001/XMLSchema-instance"
    xsi:schemaLocation="http://www.loc.gov/MARC21/slim http://www.loc.gov/standards/marcxml/schema/MARC21slim.xsd"
    xmlns="http://www.loc.gov/MARC21/slim">

  <leader>00797cas a2200277   4500</leader>
  <datafield tag="022" ind1="0" ind2=" ">
    <subfield code="a">0031-949X</subfield>
  </datafield>
  <datafield tag="040" ind1=" " ind2=" ">
    <subfield code="c">MUL</subfield>
  </datafield>
  <datafield tag="082" ind1="0" ind2="4">
    <subfield code="a">632 AME 1964 A112 Or.V.54</subfield>
  </datafield>
  <datafield tag="245" ind1="0" ind2="0">
    <subfield code="a">Phytopathology.</subfield>
  </datafield>
  <datafield tag="260" ind1=" " ind2=" ">
    <subfield code="a">[St. Paul, Minn., etc.],</subfield>
    <subfield code="b">[American Phytopathological Society]</subfield>
  </datafield>
  <datafield tag="300" ind1=" " ind2=" ">
    <subfield code="a">volumes</subfield>
    <subfield code="b">illustrations</subfield>
    <subfield code="c">24-28 cm</subfield>
  </datafield>
  <datafield tag="500" ind1=" " ind2=" ">
    <subfield code="a">List of members of the society accompany v. 22, no. 9; v. 25, no. 5.</subfield>
  </datafield>
  <datafield tag="650" ind1=" " ind2="0">
    <subfield code="a">Plant diseases</subfield>
  </datafield>
  <datafield tag="650" ind1="1" ind2="2">
    <subfield code="a">Botany.</subfield>
  </datafield>
  <datafield tag="650" ind1="2" ind2="2">
    <subfield code="a">Plant Viruses.</subfield>
  </datafield>
  <datafield tag="650" ind1=" " ind2="6">
    <subfield code="a">Plantes</subfield>
  </datafield>
  <datafield tag="650" ind1=" " ind2="6">
    <subfield code="a">Botanique</subfield>
  </datafield>
  <datafield tag="650" ind1=" " ind2="6">
    <subfield code="a">Virus phytopathog&#xE8;nes</subfield>
  </datafield>
  <datafield tag="650" ind1=" " ind2="7">
    <subfield code="a">Mensuels.</subfield>
  </datafield>
  <datafield tag="650" ind1=" " ind2="7">
    <subfield code="a">Maladies des plantes.</subfield>
  </datafield>
  <datafield tag="650" ind1=" " ind2="7">
    <subfield code="a">Plant diseases.</subfield>
  </datafield>
  <datafield tag="650" ind1="1" ind2="7">
    <subfield code="a">Plantenziekten.</subfield>
  </datafield>
  <datafield tag="650" ind1=" " ind2="4">
    <subfield code="a">Patolog&#xED;a vegetal</subfield>
  </datafield>
  <datafield tag="710" ind1="2" ind2=" ">
    <subfield code="a">American Phytopathological Society.</subfield>
  </datafield>
  <datafield tag="942" ind1=" " ind2=" ">
    <subfield code="c">EK</subfield>
  </datafield>
  <datafield tag="999" ind1=" " ind2=" ">
    <subfield code="c">17173</subfield>
    <subfield code="d">17173</subfield>
  </datafield>
  <datafield tag="952" ind1=" " ind2=" ">
    <subfield code="0">0</subfield>
    <subfield code="1">0</subfield>
    <subfield code="4">0</subfield>
    <subfield code="6">632_000000000000000_AME_1964_A112_OR_V_54</subfield>
    <subfield code="7">0</subfield>
    <subfield code="9">74105</subfield>
    <subfield code="a">LBA</subfield>
    <subfield code="b">LBA</subfield>
    <subfield code="c">A112</subfield>
    <subfield code="d">2018-08-28</subfield>
    <subfield code="o">632 AME 1964 A112 Or.V.54</subfield>
    <subfield code="p">A33877</subfield>
    <subfield code="r">2018-08-28</subfield>
    <subfield code="w">2018-08-28</subfield>
    <subfield code="y">EK</subfield>
  </datafield>
  <datafield tag="952" ind1=" " ind2=" ">
    <subfield code="0">0</subfield>
    <subfield code="1">0</subfield>
    <subfield code="4">0</subfield>
    <subfield code="6">632_000000000000000_AME_1977_A112_OR_V_67</subfield>
    <subfield code="7">0</subfield>
    <subfield code="9">74106</subfield>
    <subfield code="a">LBA</subfield>
    <subfield code="b">LBA</subfield>
    <subfield code="c">A112</subfield>
    <subfield code="d">2018-08-28</subfield>
    <subfield code="o">632 AME 1977 A112 Or.V.67</subfield>
    <subfield code="p">A33952</subfield>
    <subfield code="r">2018-08-28</subfield>
    <subfield code="y">EK</subfield>
  </datafield>
  <datafield tag="952" ind1=" " ind2=" ">
    <subfield code="0">0</subfield>
    <subfield code="1">0</subfield>
    <subfield code="4">0</subfield>
    <subfield code="6">632_000000000000000_AME_1981_A112_OR_V_71</subfield>
    <subfield code="7">0</subfield>
    <subfield code="9">74107</subfield>
    <subfield code="a">LBA</subfield>
    <subfield code="b">LBA</subfield>
    <subfield code="c">A112</subfield>
    <subfield code="d">2018-08-28</subfield>
    <subfield code="o">632 AME 1981 A112 Or.V.71</subfield>
    <subfield code="p">A34262</subfield>
    <subfield code="r">2018-08-28</subfield>
    <subfield code="y">EK</subfield>
  </datafield>
  <datafield tag="952" ind1=" " ind2=" ">
    <subfield code="0">0</subfield>
    <subfield code="1">0</subfield>
    <subfield code="4">0</subfield>
    <subfield code="6">632_000000000000000_AME_1978_A112_OR_V_68</subfield>
    <subfield code="7">0</subfield>
    <subfield code="9">74108</subfield>
    <subfield code="a">LBA</subfield>
    <subfield code="b">LBA</subfield>
    <subfield code="c">A112</subfield>
    <subfield code="d">2018-08-28</subfield>
    <subfield code="o">632 AME 1978 A112 Or.V.68</subfield>
    <subfield code="p">A34187</subfield>
    <subfield code="r">2018-08-28</subfield>
    <subfield code="y">EK</subfield>
  </datafield>
  <datafield tag="952" ind1=" " ind2=" ">
    <subfield code="0">0</subfield>
    <subfield code="1">0</subfield>
    <subfield code="4">0</subfield>
    <subfield code="6">632_000000000000000_AME_1975_A112_OR_V_65</subfield>
    <subfield code="7">0</subfield>
    <subfield code="9">74109</subfield>
    <subfield code="a">LBA</subfield>
    <subfield code="b">LBA</subfield>
    <subfield code="c">A112</subfield>
    <subfield code="d">2018-08-28</subfield>
    <subfield code="o">632 AME 1975 A112 Or.V.65</subfield>
    <subfield code="p">A33802</subfield>
    <subfield code="r">2018-08-28</subfield>
    <subfield code="y">EK</subfield>
  </datafield>
  <datafield tag="952" ind1=" " ind2=" ">
    <subfield code="0">0</subfield>
    <subfield code="1">0</subfield>
    <subfield code="4">0</subfield>
    <subfield code="6">632_000000000000000_AME_1971_A112_OR_V_61</subfield>
    <subfield code="7">0</subfield>
    <subfield code="9">74110</subfield>
    <subfield code="a">LBA</subfield>
    <subfield code="b">LBA</subfield>
    <subfield code="c">A112</subfield>
    <subfield code="d">2018-08-28</subfield>
    <subfield code="o">632 AME 1971 A112 Or.V.61</subfield>
    <subfield code="p">A34112</subfield>
    <subfield code="r">2018-08-28</subfield>
    <subfield code="y">EK</subfield>
  </datafield>
  <datafield tag="952" ind1=" " ind2=" ">
    <subfield code="0">0</subfield>
    <subfield code="1">0</subfield>
    <subfield code="4">0</subfield>
    <subfield code="6">632_000000000000000_AME_1961_A112_OR_V_51</subfield>
    <subfield code="7">0</subfield>
    <subfield code="9">74111</subfield>
    <subfield code="a">LBA</subfield>
    <subfield code="b">LBA</subfield>
    <subfield code="c">A112</subfield>
    <subfield code="d">2018-08-28</subfield>
    <subfield code="o">632 AME 1961 A112 Or.V.51</subfield>
    <subfield code="p">A33878</subfield>
    <subfield code="r">2018-08-28</subfield>
    <subfield code="y">EK</subfield>
  </datafield>
  <datafield tag="952" ind1=" " ind2=" ">
    <subfield code="0">0</subfield>
    <subfield code="1">0</subfield>
    <subfield code="4">0</subfield>
    <subfield code="6">632_000000000000000_AME_1974_A112_OR_V_64</subfield>
    <subfield code="7">0</subfield>
    <subfield code="9">74112</subfield>
    <subfield code="a">LBA</subfield>
    <subfield code="b">LBA</subfield>
    <subfield code="c">A112</subfield>
    <subfield code="d">2018-08-28</subfield>
    <subfield code="o">632 AME 1974 A112 Or.V.64</subfield>
    <subfield code="p">A34114</subfield>
    <subfield code="r">2018-08-28</subfield>
    <subfield code="y">EK</subfield>
  </datafield>
  <datafield tag="952" ind1=" " ind2=" ">
    <subfield code="0">0</subfield>
    <subfield code="1">0</subfield>
    <subfield code="4">0</subfield>
    <subfield code="6">632_000000000000000_AME_1967_A112_OR_V_57</subfield>
    <subfield code="7">0</subfield>
    <subfield code="9">74113</subfield>
    <subfield code="a">LBA</subfield>
    <subfield code="b">LBA</subfield>
    <subfield code="c">A112</subfield>
    <subfield code="d">2018-08-28</subfield>
    <subfield code="o">632 AME 1967 A112 Or.V.57</subfield>
    <subfield code="p">A34037</subfield>
    <subfield code="r">2018-08-28</subfield>
    <subfield code="y">EK</subfield>
  </datafield>
  <datafield tag="952" ind1=" " ind2=" ">
    <subfield code="0">0</subfield>
    <subfield code="1">0</subfield>
    <subfield code="4">0</subfield>
    <subfield code="6">632_000000000000000_AME_1969_A112_OR_V_59</subfield>
    <subfield code="7">0</subfield>
    <subfield code="9">74114</subfield>
    <subfield code="a">LBA</subfield>
    <subfield code="b">LBA</subfield>
    <subfield code="c">A112</subfield>
    <subfield code="d">2018-08-28</subfield>
    <subfield code="o">632 AME 1969 A112 Or.V.59</subfield>
    <subfield code="p">A33882</subfield>
    <subfield code="r">2018-08-28</subfield>
    <subfield code="y">EK</subfield>
  </datafield>
  <datafield tag="952" ind1=" " ind2=" ">
    <subfield code="0">0</subfield>
    <subfield code="1">0</subfield>
    <subfield code="4">0</subfield>
    <subfield code="6">632_000000000000000_AME_1973_A112_OR_V_63</subfield>
    <subfield code="7">0</subfield>
    <subfield code="9">74115</subfield>
    <subfield code="a">LBA</subfield>
    <subfield code="b">LBA</subfield>
    <subfield code="c">A112</subfield>
    <subfield code="d">2018-08-28</subfield>
    <subfield code="o">632 AME 1973 A112 Or.V.63</subfield>
    <subfield code="p">A33807</subfield>
    <subfield code="r">2018-08-28</subfield>
    <subfield code="y">EK</subfield>
  </datafield>
  <datafield tag="952" ind1=" " ind2=" ">
    <subfield code="0">0</subfield>
    <subfield code="1">0</subfield>
    <subfield code="4">0</subfield>
    <subfield code="6">632_000000000000000_AME_1963_A112_OR_V_53</subfield>
    <subfield code="7">0</subfield>
    <subfield code="9">74116</subfield>
    <subfield code="a">LBA</subfield>
    <subfield code="b">LBA</subfield>
    <subfield code="c">A112</subfield>
    <subfield code="d">2018-08-28</subfield>
    <subfield code="o">632 AME 1963 A112 Or.V.53</subfield>
    <subfield code="p">A33817</subfield>
    <subfield code="r">2018-08-28</subfield>
    <subfield code="y">EK</subfield>
  </datafield>
  <datafield tag="952" ind1=" " ind2=" ">
    <subfield code="0">0</subfield>
    <subfield code="1">0</subfield>
    <subfield code="4">0</subfield>
    <subfield code="6">632_000000000000000_AME_1962_A112_OR_V_52</subfield>
    <subfield code="7">0</subfield>
    <subfield code="9">74117</subfield>
    <subfield code="a">LBA</subfield>
    <subfield code="b">LBA</subfield>
    <subfield code="c">A112</subfield>
    <subfield code="d">2018-08-28</subfield>
    <subfield code="o">632 AME 1962 A112 Or.V.52</subfield>
    <subfield code="p">A33957</subfield>
    <subfield code="r">2018-08-28</subfield>
    <subfield code="y">EK</subfield>
  </datafield>
  <datafield tag="952" ind1=" " ind2=" ">
    <subfield code="0">0</subfield>
    <subfield code="1">0</subfield>
    <subfield code="4">0</subfield>
    <subfield code="6">632_000000000000000_AME_1982_A112_OR_V_72</subfield>
    <subfield code="7">0</subfield>
    <subfield code="9">74118</subfield>
    <subfield code="a">LBA</subfield>
    <subfield code="b">LBA</subfield>
    <subfield code="c">A112</subfield>
    <subfield code="d">2018-08-28</subfield>
    <subfield code="o">632 AME 1982 A112 Or.V.72</subfield>
    <subfield code="p">A33748</subfield>
    <subfield code="r">2018-08-28</subfield>
    <subfield code="y">EK</subfield>
  </datafield>
  <datafield tag="952" ind1=" " ind2=" ">
    <subfield code="0">0</subfield>
    <subfield code="1">0</subfield>
    <subfield code="4">0</subfield>
    <subfield code="6">632_000000000000000_AME_1987_A112_OR_V_77</subfield>
    <subfield code="7">0</subfield>
    <subfield code="9">74119</subfield>
    <subfield code="a">LBA</subfield>
    <subfield code="b">LBA</subfield>
    <subfield code="c">A112</subfield>
    <subfield code="d">2018-08-28</subfield>
    <subfield code="o">632 AME 1987 A112 Or.V.77</subfield>
    <subfield code="p">A34888</subfield>
    <subfield code="r">2018-08-28</subfield>
    <subfield code="y">EK</subfield>
  </datafield>
  <datafield tag="952" ind1=" " ind2=" ">
    <subfield code="0">0</subfield>
    <subfield code="1">0</subfield>
    <subfield code="4">0</subfield>
    <subfield code="6">632_000000000000000_AME_1979_A112_OR_V_69</subfield>
    <subfield code="7">0</subfield>
    <subfield code="9">74120</subfield>
    <subfield code="a">LBA</subfield>
    <subfield code="b">LBA</subfield>
    <subfield code="c">A112</subfield>
    <subfield code="d">2018-08-28</subfield>
    <subfield code="o">632 AME 1979 A112 Or.V.69</subfield>
    <subfield code="p">A34003</subfield>
    <subfield code="r">2018-08-28</subfield>
    <subfield code="y">EK</subfield>
  </datafield>
  <datafield tag="952" ind1=" " ind2=" ">
    <subfield code="0">0</subfield>
    <subfield code="1">0</subfield>
    <subfield code="4">0</subfield>
    <subfield code="6">632_000000000000000_AME_1983_A112_OR_V_73</subfield>
    <subfield code="7">0</subfield>
    <subfield code="9">74121</subfield>
    <subfield code="a">LBA</subfield>
    <subfield code="b">LBA</subfield>
    <subfield code="c">A112</subfield>
    <subfield code="d">2018-08-28</subfield>
    <subfield code="o">632 AME 1983 A112 Or.V.73</subfield>
    <subfield code="p">A34102</subfield>
    <subfield code="r">2018-08-28</subfield>
    <subfield code="y">EK</subfield>
  </datafield>
  <datafield tag="952" ind1=" " ind2=" ">
    <subfield code="0">0</subfield>
    <subfield code="1">0</subfield>
    <subfield code="4">0</subfield>
    <subfield code="6">632_000000000000000_AME_1984_A112_OR_V_74</subfield>
    <subfield code="7">0</subfield>
    <subfield code="9">74122</subfield>
    <subfield code="a">LBA</subfield>
    <subfield code="b">LBA</subfield>
    <subfield code="c">A112</subfield>
    <subfield code="d">2018-08-28</subfield>
    <subfield code="o">632 AME 1984 A112 Or.V.74</subfield>
    <subfield code="p">A30726</subfield>
    <subfield code="r">2018-08-28</subfield>
    <subfield code="y">EK</subfield>
  </datafield>
  <datafield tag="952" ind1=" " ind2=" ">
    <subfield code="0">0</subfield>
    <subfield code="1">0</subfield>
    <subfield code="4">0</subfield>
    <subfield code="6">632_000000000000000_AME_1986_A112_OR_V_76</subfield>
    <subfield code="7">0</subfield>
    <subfield code="9">74123</subfield>
    <subfield code="a">LBA</subfield>
    <subfield code="b">LBA</subfield>
    <subfield code="c">A112</subfield>
    <subfield code="d">2018-08-28</subfield>
    <subfield code="o">632 AME 1986 A112 Or.V.76</subfield>
    <subfield code="p">A33823</subfield>
    <subfield code="r">2018-08-28</subfield>
    <subfield code="y">EK</subfield>
  </datafield>
  <datafield tag="952" ind1=" " ind2=" ">
    <subfield code="0">0</subfield>
    <subfield code="1">0</subfield>
    <subfield code="4">0</subfield>
    <subfield code="6">632_000000000000000_AME_1985_A112_OR_V_75</subfield>
    <subfield code="7">0</subfield>
    <subfield code="9">74124</subfield>
    <subfield code="a">LBA</subfield>
    <subfield code="b">LBA</subfield>
    <subfield code="c">A112</subfield>
    <subfield code="d">2018-08-28</subfield>
    <subfield code="o">632 AME 1985 A112 Or.V.75</subfield>
    <subfield code="p">A33842</subfield>
    <subfield code="r">2018-08-28</subfield>
    <subfield code="y">EK</subfield>
  </datafield>
  <datafield tag="952" ind1=" " ind2=" ">
    <subfield code="0">0</subfield>
    <subfield code="1">0</subfield>
    <subfield code="4">0</subfield>
    <subfield code="6">632_000000000000000_AME_1968_A112_OR_V_54</subfield>
    <subfield code="7">0</subfield>
    <subfield code="9">93434</subfield>
    <subfield code="a">LBA</subfield>
    <subfield code="b">LBA</subfield>
    <subfield code="c">A112</subfield>
    <subfield code="d">2023-06-16</subfield>
    <subfield code="o">632 AME 1968 A112 Or.V.54</subfield>
    <subfield code="p">a071511</subfield>
    <subfield code="r">2023-06-16</subfield>
    <subfield code="w">2023-06-16</subfield>
    <subfield code="y">EK</subfield>
  </datafield>
  <datafield tag="952" ind1=" " ind2=" ">
    <subfield code="0">0</subfield>
    <subfield code="1">0</subfield>
    <subfield code="4">0</subfield>
    <subfield code="6">632_000000000000000_AME_1966_A112_OR_V_54</subfield>
    <subfield code="7">0</subfield>
    <subfield code="9">93435</subfield>
    <subfield code="a">LBA</subfield>
    <subfield code="b">LBA</subfield>
    <subfield code="c">A112</subfield>
    <subfield code="d">2023-06-16</subfield>
    <subfield code="o">632 AME 1966 A112 Or.V.54</subfield>
    <subfield code="p">a23232</subfield>
    <subfield code="r">2023-06-16</subfield>
    <subfield code="w">2023-06-16</subfield>
    <subfield code="y">EK</subfield>
  </datafield>
</record>
